00317nam a2200121Ia 4500008004100000041000800041082001600049100001200065245004500077260003300122300002900155365001100184240624s9999 xx 000 0 und d aeng a658.421 GOP aGOPAL R aENTREPRENEURSHIP AND INNOVATION MANAGEME c2010aNew DelhibExcel Books ax, : 282 : p. : cm. ; 24 cRSb30